Los juegos didácticos y su influencia en el pensamiento lógico matemático en los estudiantes del grado pre-primario Centro Educativo Inicial y Básica Cornelia Florián Santana, año escolar 2020-2021 / (Record no. 12923)
[ view plain ]
| 000 -LEADER | |
|---|---|
| campo de control de longitud fija | 01117nam a2200241 4500 |
| 003 - IDENTIFICADOR DE NÚMERO DE CONTROL | |
| campo de control | DO-SdUA |
| 005 - FECHA Y HORA DE LA ÚLTIMA TRANSACCIÓN | |
| campo de control | 20250325093540.0 |
| 008 - DATOS DE LONGITUD FIJA--INFORMACIÓN GENERAL | |
| campo de control de longitud fija | s2021 dr a|| |||| 0 |a||0|spa d |
| 040 ## - FUENTE DE CATALOGACIÓN | |
| Centro catalogador/agencia de origen | DO-SdUA |
| Lengua de catalogación | spa |
| Centro/agencia transcriptor | DO-SdUA |
| 041 0# - CÓDIGO DE IDIOMA | |
| Código de lengua del texto/banda sonora o título independiente | spa |
| 092 ## - ASIGNACIÓN LOCAL DE SIGNATURA TOPOGRÁFICA DEWEY (OCLC) | |
| Número de clasificación | MA-PPGE 0036 FCE 2021 |
| 100 1# - ENTRADA PRINCIPAL--NOMBRE DE PERSONA | |
| Nombre de persona | Novas Florián, Lohanni |
| 245 14 - MENCIÓN DEL TÍTULO | |
| Título | Los juegos didácticos y su influencia en el pensamiento lógico matemático en los estudiantes del grado pre-primario Centro Educativo Inicial y Básica Cornelia Florián Santana, año escolar 2020-2021 / |
| Mención de responsabilidad, etc. | Lohanni Novas Florián. |
| 260 ## - PUBLICACIÓN, DISTRIBUCIÓN, ETC. | |
| Lugar de publicación, distribución, etc. | Barahona : |
| Nombre del editor, distribuidor, etc. | UASD, |
| Fecha de publicación, distribución, etc. | 2021. |
| 300 ## - DESCRIPCIÓN FÍSICA | |
| Extensión | v, 97, [11], h. : |
| Otras características físicas | il. |
| 502 ## - NOTA DE TESIS | |
| Nota de tesis | Tesis y trabajo de grado (Maestría en Procesos Pedagógicos y Gestión de la Educación Infantil)-- Universidad Autónoma de Santo Domingo, Barahona, 2021. |
| 504 ## - NOTA DE BIBLIOGRAFÍA, ETC. | |
| Nota de bibliografía, etc. Nota | Incluye referencias bibliográficas y anexos. |
| 650 #7 - PUNTO DE ACCESO ADICIONAL DE MATERIA--TÉRMINO DE MATERIA | |
| Fuente del encabezamiento o término | lemb |
| 9 (RLIN) | 18628 |
| Término de materia o nombre geográfico como elemento de entrada | Lógica matemática |
| 650 #7 - PUNTO DE ACCESO ADICIONAL DE MATERIA--TÉRMINO DE MATERIA | |
| Fuente del encabezamiento o término | lemb |
| 9 (RLIN) | 16827 |
| Término de materia o nombre geográfico como elemento de entrada | Juegos educativos |
| 650 #7 - PUNTO DE ACCESO ADICIONAL DE MATERIA--TÉRMINO DE MATERIA | |
| Fuente del encabezamiento o término | lemb |
| 9 (RLIN) | 23991 |
| Término de materia o nombre geográfico como elemento de entrada | Política educativa |
| 830 ## - PUNTO DE ACCESO ADICIONAL DE SERIE-TÍTULO UNIFORME | |
| Título uniforme | Tesis y disertaciones académicas (Universidad Autónoma de Santo Domingo) |
| 942 ## - ELEMENTOS DE ENTRADA SECUNDARIOS (KOHA) | |
| Fuente de la clasificación o esquema de estantería | |
| Tipo de ítem Koha | |
| Suprimir en OPAC | No |
No items available.